000 00943nam a2200241Ia 4500
003 OSt
005 20220923224017.0
006 a|||||r|||| 00| 0
007 ta
008 220922b |||||||| |||| 00| 0 hin d
024 _a224,034
037 _cTextual
040 _aARTS
_cARTS
_bhin
041 _2hin
_ahin
082 _aO157,1M99w, 152P4
100 _aशर्मा, विष्णुचंद्र
245 0 _aअग्निसेतु
_b बंगाल के विद्रोही कवि काज़ी नज़रूल इस्लाम की जीवनी
246 _aAgnisetu: bangāl ke vidrohī kavi kāज़ī naज़rūl islām kī jīvanī
260 _aमुंबई
_b संवाद प्रकाशन
_c2004
300 _a282पृ.
_ccm.
942 _hO157,1M99w, 152P4
_cTEXL
_2CC
999 _c368655
_d368655